| 000 | 00458nam a22001817a 4500 | ||
|---|---|---|---|
| 001 | 00028958 | ||
| 005 | 20260429115905.0 | ||
| 008 | 260429b ag ||||| |||| 00| 0 spa d | ||
| 020 | _a9789507301025 | ||
| 040 |
_bspa _cAR-CcCEOS |
||
| 080 | _a820-2 | ||
| 090 | _bWIG | ||
| 245 | _aWigetta y el báculo Dorado | ||
| 260 |
_aBuenos Aires : _bTemas de Hoy, _c2016. |
||
| 300 |
_a256 p. ; _c19x13 cm. |
||
| 650 | 0 | _aliteratura infantil | |
| 942 |
_2udc _cBK |
||
| 999 |
_c29011 _d29011 |
||
| 945 |
_c66467 _dMelina Rolando |
||